Harry Potter Sorcerer's Stone Characters Quiz Stats

 Plays Quiz Updated Feb 16, 2018

Score 0/123 Timer 15:00
11 Plays Today
# of mentions Character % Correct
1,377Harry Potter
99.7%
438Ron Weasley
99.1%
276Hermione Granger
98.1%
159Albus Dumbledore
96.9%
362Rubeus Hagrid
94.7%
184Professor Snape
94%
34Fred Weasley
93.8%
30George Weasley
93.7%
5Ginny Weasley
92.5%
132Draco Malfoy
90.8%
38Percy Weasley
90.7%
45Voldemort
89.4%
5Bill Weasley
87.5%
6James Potter
86.2%
8Lily Potter
86%
142Dudley Dursley
85.3%
101Professor McGonagall
85.3%
149Vernon Dursley
84.4%
75Petunia Dursley
84.4%
120Neville Longbottom
83.8%
4Mrs. Weasley
83.7%
1Mr. Weasley
82.7%
112Professor Quirrell
82.3%
23Charlie Weasley
81.1%
20Goyle
77.2%
17Crabbe
76.5%
21Professor Flitwick
75.9%
20Seamus Finnigan
73.8%
56Oliver Wood
71.9%
11Dean Thomas
70.6%
4Professor Sprout
69.6%
13Hedwig
69.5%
5Aunt Marge
66.1%
3Katie Bell
61.9%
55Argus Filch
61.9%
7Nearly Headless Nick
61.8%
26Fluffy
61.5%
6Parvati Patil
61.4%
6Angelina Johnson
60.8%
1Padma Patil
59.3%
17Fang
56.6%
# of mentions Character % Correct
12Madam Hooch
55.4%
12Scabbers
53.8%
3Algie Longbottom
53.5%
1Enid Longbottom
53.4%
2Lavender Brown
53%
11Madam Pomfrey
52.3%
10Bloody Baron
52.2%
19Mr. Ollivander
52%
13Mrs. Norris
51.7%
1Tom
51.4%
3Alicia Spinnet
50.3%
2Sirius Black
50.3%
33Peeves
49.4%
2Pansy Parkinson
49%
29Nicolas Flamel
47.8%
25Norbert
46.7%
3Perenelle Flamel
45.8%
3Professor Binns
45.3%
13Lee Jordan
44.9%
1Cornelius Fudge
44.8%
8Fat Lady
43.3%
3Hannah Abbott
43.3%
2Susan Bones
41.3%
14Marcus Flint
37.8%
4Fat Friar
37.5%
3Trevor
37.2%
19Firenze
37.2%
12Griphook
36.7%
8Mrs. Figg
36.4%
7Madam Malkin
34.9%
1Justin Finch-Fletchley
33.6%
5Dedalus Diggle
32.2%
3Madam Pince
31.3%
16Bane
31.2%
15Piers Polkiss
29.8%
1Blaise Zabini
29.7%
1Millicent Bulstrode
25.9%
20Ronan
22.8%
2Terry Boot
21.8%
3Doris Crockford
17.2%
2Grindelwald
14.5%
# of mentions Character % Correct
1Nott
14.4%
3Adrian Pucey
14.3%
1Merlin
13.5%
1Newt Scamander
12.2%
1Miranda Goshawk
10.8%
1Moon
10.7%
1Ted
10.5%
1Yvonne
10.4%
1Malcolm
10.4%
3Agrippa
10.3%
1Jim McGuffin
10.2%
1Snowy
10%
1Emeric Switch
10%
1Sally-Anne Perks
10%
1Dennis
10%
2Terrence Higgs
9.9%
1Mr. Paws
9.9%
1Gordon
9.9%
1Tibbles
9.8%
1Tufty
9.6%
2Morgana
9.5%
1Morag MacDougal
9%
1Lisa Turpin
9%
1Emeric the Evil
9%
1Arsenius Jigger
8.9%
1Mandy Brocklehurst
8.8%
1Adalbert Waffling
8.7%
1Phylllida Spore
8.6%
1Circe
8.4%
1Uric the Oddball
8.3%
1Ptolemy
8%
1Bletchley
8%
1Quentin Trimble
7.8%
1Paracelsus
7.2%
1Wizard Baruffio
7%
1Vindictus Viridian
7%
1Gregory the Smarmy
7%
1Cliodna
6.9%
1Elfric the Eager
6.8%
1Alberic Grunnion
6.4%
1Hengist
6.4%

You're not logged in!

Compare scores with friends on all Sporcle quizzes.
OR
Log In

Sporcle TV

Today on Sporcle TV


Watch our educational content, quiz creation guides, and fun videos on Sporcle TV.

Show Comments

Extras

Top Quizzes Today


Score Distribution

Your Account Isn't Verified!

In order to create a playlist on Sporcle, you need to verify the email address you used during registration. Go to your Sporcle Settings to finish the process.

Report this User

Report this user for behavior that violates our Community Guidelines.

Details: